书目信息 |
| 题名: |
罪与罚
|
|
| 作者: | 陀思妥耶夫斯基 著 ;张玫玫 , 耿雨 译 | |
| 分册: | ||
| 出版信息: | 长春 吉林出版集团股份有限公司 2019.01 |
|
| 页数: | 683页 | |
| 开本: | 24cm | |
| 丛书名: | 英语大书虫世界经典名译典藏书系 | |
| 单 册: | ||
| 中图分类: | H319.4 | |
| 科图分类: | ||
| 主题词: | 长篇小说--chang pian xiao shuo--俄罗斯--近代--英语--汉语--对照读物 | |
| 电子资源: | ||
| ISBN: | 978-7-5581-4324-3 | |
| 000 | 01413nam 2200313 450 | |
| 001 | 202019135829 | |
| 005 | 20191026133320.0 | |
| 010 | @a978-7-5581-4324-3@dCNY58.00 | |
| 100 | @a20191015d2019 em y0chiy50 ea | |
| 101 | 1 | @achi@aeng@crus |
| 102 | @aCN@b220000 | |
| 105 | @ay z 000ay | |
| 106 | @ar | |
| 200 | 1 | @a罪与罚@Azui yu fa@f(俄罗斯) 陀思妥耶夫斯基著@g张玫玫, 耿雨译 |
| 205 | @a第2版 | |
| 210 | @a长春@c吉林出版集团股份有限公司@d2019.01 | |
| 215 | @a683页@d24cm | |
| 225 | 2 | @a英语大书虫世界经典名译典藏书系@Aying yu da shu chong shi jie jing dian ming yi dian cang shu xi@e英汉对照 |
| 312 | @a英文题名取自封面 | |
| 330 | @a《罪与罚》讲述了一个关于忏悔、救赎和信仰的故事。主人公拉斯科里尼柯夫有着心地善良与阴郁孤僻双重人格, 深受无政府主义思想的毒害, 一心想成为拿破仑式的人物。但为生活所迫, 他杀死放高利贷的房东和他无辜的妹妹, 最终在“罪与罚”的矛盾中投案自首, 被判流放, 开始了灵魂的忏悔与救赎之旅。 | |
| 410 | 0 | @12001 @a英语大书虫世界经典名译典藏书系 (英汉对照) |
| 510 | 1 | @aCrime and punishment@zeng |
| 606 | 0 | @a长篇小说@Achang pian xiao shuo@y俄罗斯@z近代@x英语@x汉语@j对照读物 |
| 690 | @aH319.4@v5 | |
| 701 | 1 | @a陀思妥耶夫斯基@Atuo si tuo ye fu si ji@g(Достоевский, Федор Михайлович),@f1821-1881@4著 |
| 702 | 0 | @a张玫玫@Azhang mei mei@4译 |
| 702 | 0 | @a耿雨@Ageng yu@4译 |
| 801 | 0 | @aCN@c20190905 |
| 905 | @a河南城建学院图书馆@dH319.4@eT983=2 | |
| 罪与罚/(俄罗斯) 陀思妥耶夫斯基著/张玫玫, 耿雨译.-第2版.-长春:吉林出版集团股份有限公司,2019.01 |
| 683页;24cm.-(英语大书虫世界经典名译典藏书系:英汉对照) |
| ISBN 978-7-5581-4324-3:CNY58.00 |
| 《罪与罚》讲述了一个关于忏悔、救赎和信仰的故事。主人公拉斯科里尼柯夫有着心地善良与阴郁孤僻双重人格, 深受无政府主义思想的毒害, 一心想成为拿破仑式的人物。但为生活所迫, 他杀死放高利贷的房东和他无辜的妹妹, 最终在“罪与罚”的矛盾中投案自首, 被判流放, 开始了灵魂的忏悔与救赎之旅。 |
| ● |
| 相关链接 |
|
|
|
正题名:罪与罚
索取号:H319.4/T983=2
 
预约/预借
| 序号 | 登录号 | 条形码 | 馆藏地/架位号 | 状态 | 备注 |
| 1 | 1444809 | 214448098 | 语言库209/209语言库 19排1列3层/ [索取号:H319.4/T983=2] | 在馆 | |
| 2 | 1444810 | 214448105 | 语言库209/209语言库 19排1列3层/ [索取号:H319.4/T983=2] | 在馆 |